| 000 | 00615nam a22001937a 4500 | ||
|---|---|---|---|
| 005 | 20170713143651.0 | ||
| 010 | _aENG-119172 | ||
| 020 |
_a9788175417498 _c950.00 |
||
| 035 | _aEN-102704 | ||
| 037 | _bDBAD/PUB | ||
| 082 | _a320.95452 | ||
| 100 | _aChauduri,Amiya K. | ||
| 245 |
_a West Bengal in perspective : _cby Amiya K. Chauduri _bpolitics and governanace/ |
||
| 260 |
_aDelhi _bShipra Publications _c2014 |
||
| 270 |
_aLG-18-19,Pankaj Central Market,I.P.Ext. Patparganj _bDelhi _e110092 |
||
| 300 |
_axv,264p. _c23cm(Hb) |
||
| 500 | _aIncludes index | ||
| 942 |
_2ddc _cEN _h320.95452 _mCHA |
||
| 999 |
_c142533 _d142533 |
||